[Event "XIX Sants Open 2017"]
[Site "Cotxeres de Sants"]
[Date "2017.08.21"]
[Round "4"]
[White "Tari, Aryan"]
[Black "Goh, Wei Ming Kevin"]
[Result "1/2-1/2"]
[WhiteElo "2591"]
[BlackElo "2446"]
[Annotator "TA"]
[PlyCount "45"]
[EventDate "2017.??.??"]
[EventType "swiss"]
[EventCountry "ESP"]
[SourceTitle "playchess.com"]
[Source "ChessBase"]
[SourceQuality "1"]

{[%evp 15,45,6,4,-6,0,-22,-10,-22,-16,-36,-29,-27,0,-24,13,10,16,0,25,33,33,38,18,8,58,7,51,12,0,0,48,4]} 1. c4 e5 2. Nc3 Nf6 3. Nf3 Nc6 4. g3 d5 5. cxd5 Nxd5 6. Bg2 Bc5 {A29: English Opening: Four Knights Variation with 4 g3} 7. O-O O-O 8. d3 Bb6 {LiveBook: 4 Games. The position is equal.} 9. Bd2 Bg4 10. Na4 $146 ({Find the theoretical novelty and annotate with similar games:} 10. Rc1 Nxc3 11. Bxc3 Re8 12. b4 Qd6 13. Nd2 Qh6 14. Nc4 {1-0 (29) Anand,V (2783)-Caruana,F (2807) Saint Louis 2017}) 10... Qd6 11. Rc1 Rad8 12. Nxb6 axb6 13. Re1 Kh8 14. h3 Bc8 (14... Bxf3 $5 15. Bxf3 Qe6 $11) 15. a3 f5 16. e3 f4 17. exf4 exf4 18. g4 Be6 19. d4 Nde7 20. Bc3 (20. b4 $14 b5 21. a4) 20... Bd5 21. Qd3 Ng6 22. Rcd1 Bxf3 23. Bxf3 {Precision: White = 26%, Black = 59%.} 1/2-1/2

[Event "XIX Sants Open 2017"]
[Site "Cotxeres de Sants"]
[Date "2017.08.21"]
[Round "4"]
[White "Svetushkin, Dmitry"]
[Black "Vidal Zamora, Alex"]
[Result "1-0"]
[WhiteElo "2558"]
[BlackElo "2365"]
[Annotator "TA"]
[PlyCount "57"]
[EventDate "2017.??.??"]
[EventType "swiss"]
[EventCountry "ESP"]
[SourceTitle "playchess.com"]
[Source "ChessBase"]
[SourceQuality "1"]

{[%evp 26,57,166,162,147,115,93,116,144,108,183,177,183,173,168,156,176,176,183,170,172,54,183,166,194,202,203,198,183,170,215,219,214,207]} 1. e4 c5 2. Nf3 e6 3. d3 d5 4. Qe2 Nc6 5. g3 Nf6 6. Bg2 Be7 7. O-O b6 8. e5 Nd7 9. c4 dxc4 10. dxc4 Bb7 11. Nc3 a6 12. Rd1 Qc7 13. Bf4 {C00: French: Unusual White 2nd moves} O-O-O {[#]} 14. Nd5 $1 {[%cal Rd5c7] LiveBook: 3 Games} Qb8 15. a3 $146 ({Predecessor:} 15. Nxe7+ Nxe7 16. Ng5 Bxg2 17. Kxg2 Rdf8 18. Rd3 Qb7+ 19. f3 Nf5 20. Ne4 Qc6 {0-1 (35) Moiseev,V (2151)-Dudukin,I (2420) Vladimir 2004}) 15... h6 ({Wrong is} 15... exd5 $2 16. cxd5 Ncxe5 17. Nxe5 $18) 16. h4 Rhg8 ({Not} 16... exd5 $2 17. cxd5 Ncxe5 18. Nxe5 $18) 17. b4 {aiming for b5.} g5 (17... Qa8 $16) 18. Nxe7+ $18 Nxe7 19. hxg5 hxg5 20. Nxg5 ({But not} 20. Bxg5 $6 Bxf3 21. Qxf3 Rxg5 $11) 20... Bxg2 21. Kxg2 Ng6 22. Qe4 Qb7 23. Re1 ({White must play} 23. Qxb7+ $18 Kxb7 24. Nxf7 Nxf4+ 25. Kf1) 23... cxb4 ({Black should play} 23... Nxf4+ $14 24. gxf4 Qxe4+ 25. Rxe4 Nb8) 24. axb4 {White is clearly better.} Qxe4+ 25. Rxe4 Nxf4+ 26. gxf4 Nb8 27. Kf3 Rd7 28. Re3 Kb7 29. Ne4 {Precision: White = 62%, Black = 45%.} 1-0

[Event "XIX Sants Open 2017"]
[Site "Cotxeres de Sants"]
[Date "2017.08.21"]
[Round "4"]
[White "Vera Siguenas, Deivy"]
[Black "Sturt, Raven M"]
[Result "1/2-1/2"]
[WhiteElo "2525"]
[BlackElo "2444"]
[Annotator "TA"]
[PlyCount "201"]
[EventDate "2017.??.??"]
[EventType "swiss"]
[EventCountry "ESP"]
[SourceTitle "playchess.com"]
[Source "ChessBase"]
[SourceQuality "1"]

{[%evp 29,201,6,12,2,0,2,12,0,0,-29,0,0,0,0,1,-13,29,21,51,51,51,40,66,21,23,6,36,20,10,9,7,0,0,0,0,0,0,0,0,-7,6,8,60,56,80,80,80,80,80,80,76,78,76,69,69,69,96,92,102,69,69,69,69,69,69,69,90,69,69,69,87,80,87,87,87,87,87,84,91,87,83,80,80,80,80,55,55,56,56,0,80,58,80,80,80,80,87,87,87,87,87,87,87,87,87,87,87,80,87,87,87,87,87,87,87,87,87,80,87,80,80,57,58,56,56,8,80,50,80,80,80,58,80,0,80,79,80,80,80,80,80,80,87,73,80,0,80,0,0,0,0,0,0,0,0,0,0,0,0,0,0,0,0,0,0,0,0,0,0,0,0,0,0,0]} 1. e4 e5 2. Nf3 Nc6 3. Bb5 a6 4. Ba4 Nf6 5. O-O Be7 6. Re1 b5 7. Bb3 d6 8. a4 Bd7 9. c3 O-O 10. d3 Na5 11. Bc2 c5 12. Nbd2 Re8 13. Nf1 Nc6 14. h3 h6 {C90: Closed Ruy Lopez with 7...d6: Early deviations} 15. Ne3 Bf8 {[#] LiveBook: 16 Games} 16. axb5 $146 ({Predecessor:} 16. Nh2 Be6 17. Nhg4 Nxg4 18. hxg4 Ne7 19. Qf3 d5 20. Nf5 Ng6 21. g3 b4 {1-0 (49) Almasi,Z (2689)-Melkumyan,H (2622) Bastia 2015}) 16... axb5 17. Rxa8 Qxa8 18. Bb3 Na5 19. Ba2 Nc6 (19... c4 $5) 20. Bb3 Na5 21. Bc2 Nc6 22. Nh4 g6 23. Bb3 {And now Nxg6 would win.} Be6 24. Bxe6 $1 Rxe6 25. Nd5 Qb8 26. Qb3 {Strongly threatening Nxg6!} (26. Be3 {is interesting.} Bg7 27. Nf3 Kh7 28. Qd2 Nd7 29. b4) 26... Nxd5 27. Qxd5 Ne7 28. Qb3 Qb7 29. Be3 Qc6 30. c4 bxc4 31. Qxc4 Qb7 32. b3 d5 33. exd5 Nxd5 34. Nf3 Qc6 35. Bd2 Nb6 (35... Qd6 $11) 36. Qc1 $14 e4 {[#]} 37. dxe4 $1 Rxe4 38. Bxh6 {aiming for Rxe4.} Bxh6 39. Qxh6 Rxe1+ 40. Nxe1 Qb5 41. Qe3 Nd5 42. Qd3 Qe8 43. Nf3 ({Much weaker is} 43. Qxd5 $6 Qxe1+ 44. Kh2 Qxf2 $11) 43... Nf4 44. Qc4 Ne6 45. Qd5 Qe7 46. g3 Qf6 47. Kg2 Kg7 48. h4 Qc3 49. Qc4 Qf6 50. b4 cxb4 51. Qxb4 Qf5 52. Qc3+ Kg8 53. Qe3 Qg4 54. Qe5 Qc4 55. h5 gxh5 56. Qxh5 Qe4 57. Kf1 Qd3+ 58. Kg1 $1 Qb1+ 59. Kg2 Qe4 60. Kh3 Qb7 61. Qg4+ Kf8 62. Qf5 Kg8 63. Kh2 Ng7 64. Qf6 Qd5 65. Ne5 Qe6 66. Qd8+ Kh7 67. Qh4+ Kg8 68. Ng4 Ne8 69. Qg5+ Kf8 70. Qf4 Kg7 71. Qd4+ Kg8 72. Kg1 Kh7 73. Ne5 Kg8 74. Kg2 Nf6 75. f3 Qa2+ 76. Kh3 (76. Qf2 $5 {[%cal Rf2a2]} Qe6 77. Qb2 $16) 76... Qb1 {[%cal Rb1h1] [#]} 77. g4 {Black should prevent Qe3.} Qe1 (77... Qh1+ $11 78. Kg3 Qe1+ 79. Kf4 Qh4) 78. Nd3 Qh1+ 79. Kg3 Nh7 80. Qd8+ Kg7 81. Qd4+ Kg8 82. Nf4 Nf8 83. Qe3 Qh6 84. Qe5 Qh1 85. Qg5+ Kh7 86. Qf5+ Kg8 87. Qg5+ (87. Qe5 $16) 87... Ng6 (87... Kh7 $1 $11) 88. Nxg6 ({White should try} 88. Qd8+ $16 Kh7 89. Ng2) 88... Qg1+ $11 {The position is equal.} 89. Kh3 Qh1+ 90. Kg3 Qg1+ 91. Kf4 Qc1+ 92. Kf5 {White wants to mate with Qd8+.} Qc2+ 93. Kf6 {Intending Ne7+ and mate.} Qc6+ 94. Kf5 Qc2+ 95. Kf6 {White threatens Ne7+ and mate.} Qc6+ 96. Ke7 Qc7+ 97. Ke8 Qc6+ 98. Kd8 Qd6+ 99. Ke8 {Threatening mate with Ne7+.} Qc6+ 100. Ke7 {Ne5+ would kill now.} Qc7+ 101. Ke8 {Precision: White = 56%, Black = 63%.} 1/2-1/2

[Event "XIX Sants Open 2017"]
[Site "Cotxeres de Sants"]
[Date "2017.08.21"]
[Round "4"]
[White "Hertneck, Gerald"]
[Black "Petrosyan, Tigran S"]
[Result "1/2-1/2"]
[WhiteElo "2498"]
[BlackElo "2430"]
[Annotator "TA"]
[PlyCount "135"]
[EventDate "2017.??.??"]
[EventType "swiss"]
[EventCountry "ESP"]
[SourceTitle "playchess.com"]
[Source "ChessBase"]
[SourceQuality "1"]

{[%evp 22,135,30,3,14,16,10,10,8,15,0,0,18,0,0,8,4,5,22,20,20,14,14,0,16,6,27,0,27,25,31,0,32,0,42,0,43,14,14,-17,-11,-14,-11,-60,-55,-85,-23,-83,-71,-73,-64,-71,0,0,0,0,0,0,0,0,0,0,0,0,128,99,99,99,99,99,99,99,109,0,83,83,83,0,84,0,0,0,0,0,0,0,0,0,0,0,0,0,0,0,0,0,0,0,0,0,0,0,0,0,0,0,0,0,0,0,0,0,0,0,0,0]} 1. Nf3 Nf6 2. c4 e6 3. Nc3 d5 4. d4 Be7 5. Bg5 h6 6. Bh4 O-O 7. e3 b6 8. Bd3 Bb7 9. Rc1 Nbd7 10. cxd5 exd5 11. O-O c5 12. b3 {LiveBook: 3 Games. D58: Queen's Gambit Declined: Tartakower Defence} (12. Qe2 Ne4 13. Bxe7 Qxe7 14. Ba6 Ndf6 15. Bxb7 Qxb7 16. dxc5 bxc5 17. Nxe4 Nxe4 18. Rc2 Rfe8 19. Qd3 Rad8 20. h3 Qb6 21. Nd2 c4 22. Qe2 d4 23. Nxc4 d3 24. Qf3 Ng5 25. Qf5 g6 26. Nxb6 {0-1 (26) Seirawan,Y (2620)-Bacrot,E (2697) Berlin 2015}) 12... Rc8 13. dxc5 bxc5 14. Bf5 g6 $146 ({Predecessor:} 14... Re8 15. h3 g6 16. Bb1 Nf8 17. Ne5 Qc7 18. Bg3 Bd6 19. f4 N6d7 20. Nb5 Qb8 21. Nxd6 Qxd6 22. Nxd7 Nxd7 23. Re1 Nf6 24. Bh2 Qc6 25. Qf3 Ne4 26. Bxe4 Rxe4 {½-½ (26) Kerger,J (1296)-Grampp,H (1661) Oberwinden 2007}) 15. Bxf6 Bxf6 16. Bh3 Bxc3 17. Rxc3 f5 {Strongly threatening ...g5.} 18. g3 Nf6 19. Bg2 Ne4 20. Rc2 Rc7 21. Ne5 Qd6 22. Qa1 Re7 23. f4 Kh7 24. Rd1 (24. Bxe4 $5 fxe4 25. Qc1 $14) 24... Qb6 25. Qc1 {next Bxe4 is good for White.} Rc8 26. Qa3 (26. Bxe4 $5 fxe4 27. h4 $14) 26... Rec7 27. Bf3 (27. Bxe4 $5 fxe4 28. Qb2 $14) 27... a6 28. Rdc1 (28. Bxe4 $5 fxe4 29. Qb2 $14) 28... h5 29. Kg2 (29. Bxe4 $5 fxe4 30. Qb2 $14) 29... Nf6 30. b4 {[%cal Rc2c5]} c4 31. Rd1 Qe6 32. Qc3 Ng4 $1 33. Rcd2 {[%cal Rf3d5] [#]} Nxe5 (33... Rd8 $1 $17 34. Qd4 Nxe5 35. Qxe5 Qxe5 36. fxe5 Kg7) 34. fxe5 (34. Qxe5 $11 Qxe5 35. fxe5) 34... Rd8 35. Kf2 Re7 36. Rd4 Qxe5 {[#]} (36... Red7 $17) 37. Rxc4 $1 $11 {[%mdl 512]} dxc4 38. Qxe5 Rxe5 39. Rxd8 Bxf3 40. Kxf3 $17 {[%mdl 4096] Endgame KR-KR} Rb5 41. Kf4 c3 42. Rc8 Kh6 (42... Rxb4+ $11 {keeps the balance.} 43. Kg5 Rg4+ 44. Kf6 h4) 43. a3 $16 ({Much worse is} 43. Rxc3 $6 Rxb4+ 44. Kf3 Ra4 $11) 43... a5 44. Rxc3 axb4 45. Rb3 g5+ 46. Kf3 Kg6 47. h4 (47. Rxb4 $16 Ra5 48. a4) 47... Ra5 (47... gxh4 $11 48. gxh4 Kf6 49. axb4 (49. Rxb4 Ra5 $16) 49... Ke5) 48. axb4 Rb5 49. Ke2 ({White should play} 49. hxg5 $16 Kxg5 50. Rb1) 49... Kf6 (49... gxh4 $1 $11 50. gxh4 Kf6) 50. Kd3 (50. hxg5+ $16 Kxg5 51. Rb2) 50... gxh4 $11 {The position is equal.} 51. gxh4 {Black must now prevent Kc4.} Ke6 $1 52. Ke2 Kf6 53. Kf3 (53. e4 $5) 53... Ke5 54. Rb1 Kf6 55. Kf4 Ke6 56. Kg5 Ke5 57. Kxh5 {Threatens to win with Kg6.} Kf6 {( -> ...Rb8)} 58. e4 fxe4+ 59. Kg4 e3 60. Kf3 Rh5 61. Rh1 Rb5 62. Rb1 (62. h5 $5 {[%cal Rh5h6]} Rxb4 63. h6 $11 (63. Kxe3 Kg7 $11)) 62... Rh5 63. Kxe3 {aiming for b5.} Rxh4 64. Kd3 (64. b5 $5 {[%cal Rb5b6]} Ke6 65. Kf3 $11) 64... Ke6 65. b5 Kd7 66. Rc1 Rb4 67. Rc5 Kd6 68. Rh5 {Precision: White = 51%, Black = 66%.} 1/2-1/2

[Event "XIX Sants Open 2017"]
[Site "Cotxeres de Sants"]
[Date "2017.08.21"]
[Round "4"]
[White "Salomon, Johan"]
[Black "Grafl, Florian"]
[Result "1/2-1/2"]
[WhiteElo "2488"]
[BlackElo "2364"]
[Annotator "TA"]
[PlyCount "130"]
[EventDate "2017.??.??"]
[EventType "swiss"]
[EventCountry "ESP"]
[SourceTitle "playchess.com"]
[Source "ChessBase"]
[SourceQuality "1"]

{[%evp 11,130,27,31,4,22,13,18,0,0,-16,-9,-7,13,12,13,13,12,1,36,20,29,21,24,22,41,0,23,0,39,-10,4,1,10,0,0,-15,-7,-10,-10,-25,-20,-24,-20,-26,-22,-20,-4,-20,-25,-21,-10,-20,0,-54,-63,-45,-54,-189,-17,-18,-12,-24,-17,-36,0,-21,0,-68,0,0,0,0,-7,-16,0,0,0,-22,10,0,9,0,0,0,0,0,0,0,0,0,0,0,0,0,0,0,0,0,0,0,0,0,0,0,0,0,0,0,0,0,0,0,0,0,0,0,0,0,0,0,0]} 1. Nf3 f5 2. d3 Nc6 3. d4 e6 4. g3 Nf6 5. Bg2 d5 6. O-O {A04: Unusual lines after 1 Nf3 and King's Indian Attack} Rb8 {LiveBook: 3 Games} 7. a4 $146 ({Predecessor:} 7. Nbd2 b5 8. Ne5 Nxe5 9. dxe5 Nd7 10. Nf3 {½-½ (45) Fressinet,L (2708)-Christiansen,L (2584) Tromsoe 2013}) 7... a6 8. a5 Be7 9. b3 Ne4 10. Ba3 Bf6 11. Bb2 O-O 12. Ne5 Nxe5 13. dxe5 Be7 14. e3 c6 15. Qe1 Bd7 16. f3 Ng5 17. Qd2 Qc7 18. Rd1 Be8 19. Rf1 Bh5 20. Ra4 Nf7 {[%cal Bg5f7,Bf7d8,Bd8c6][%mdl 32]} 21. f4 Rfd8 22. Nc3 {[%cal Bb1c3,Bc3d1,Bd1f2][%mdl 32]} Rd7 23. Nd1 Nd8 24. Nf2 c5 25. h3 Be8 26. g4 g6 27. Raa1 Nc6 28. Kh1 Bd8 29. gxf5 gxf5 30. Rg1 $1 {[#] Threatens to win with Nd3.} Bg6 31. Bc3 d4 32. Bb2 (32. exd4 $11 cxd4 33. Bb2) 32... dxe3 $15 33. Qxe3 Nd4 34. Rgc1 (34. Bxd4 $15 cxd4 35. Qd2) 34... Be7 $2 (34... Bh5 $19 35. Nd3 Be7) 35. Nd3 $11 Rbd8 {Strongly threatening ...Nxb3!} 36. Bxd4 cxd4 37. Qf2 Rc8 38. Bf3 Kh8 39. h4 (39. Rg1 $11) 39... Be8 ({Black should play} 39... Bf8 $1 $15) 40. Rg1 $1 {Hoping for Qg3.The position is equal.} Bf8 ({Don't go for} 40... Qxc2 $2 41. Qg3 $18) 41. Rg2 Rg7 {next ...Rxg2 is good for Black.} 42. Rag1 Bc6 43. Bxc6 Qxc6 44. Kh2 Qe8 (44... Rg4 $5) 45. Qf3 {Black should prevent Rxg7.} Qe7 (45... Rg4 $5) 46. Qh3 Rg4 47. Rxg4 fxg4 48. Qxg4 {[%csl Gg1][%cal Rg4g8]} Rxc2+ 49. Rg2 Rxg2+ 50. Kxg2 Qg7 51. Kg3 (51. Kh3 {is interesting.} Qd7 52. Qf3 Be7 53. b4 Qb5 54. f5) 51... h5 52. Qxg7+ Kxg7 {[%mdl 4096] Endgame KB-KN} 53. Kf3 Be7 54. b4 Kg6 55. Ke4 Bxh4 {...Bd8 is the strong threat.} 56. Nc5 {[#]} d3 $1 {[%mdl 512]} 57. Kxd3 (57. Nxd3 Be7) 57... Kf5 58. Nxb7 Be1 59. b5 axb5 60. Ke3 Bxa5 $1 61. Nxa5 Kg4 $1 62. Nb3 (62. f5 $5 Kxf5 63. Nb3 $11) 62... h4 63. Nd4 (63. f5 $5 Kxf5 64. Nd4+ Kxe5 65. Nxb5 $11) 63... h3 {And now ...h2 would win.} 64. Kf2 Kxf4 (64... h2 $5 65. Kg2 $8 Kxf4 $11) 65. Nxb5 Kxe5 {Precision: White = 41%, Black = 48%.} (65... h2 $5 66. Kg2 $8 Kxe5 $11) 1/2-1/2

[Event "XIX Sants Open 2017"]
[Site "Cotxeres de Sants"]
[Date "2017.08.21"]
[Round "4"]
[White "Mons, Leon"]
[Black "Lopez Mulet, Inigo"]
[Result "1-0"]
[WhiteElo "2483"]
[BlackElo "2305"]
[Annotator "TA"]
[PlyCount "71"]
[EventDate "2017.??.??"]
[EventType "swiss"]
[EventCountry "ESP"]
[SourceTitle "playchess.com"]
[Source "ChessBase"]
[SourceQuality "1"]

{[%evp 13,71,5,5,5,8,10,2,9,50,50,49,44,76,45,62,47,56,57,56,56,63,63,62,56,76,47,108,101,112,83,100,100,166,154,162,149,191,202,176,188,313,303,320,318,586,568,538,548,572,580,578,495,784,762,1020,1021,1002,994,1010,970]} 1. e4 e6 2. Qe2 c5 3. g3 Nc6 {[%cal Bb8c6,Bc6e5,Be5d3][%mdl 32]} 4. c3 Nf6 (4... g6 5. Bg2 Bg7 6. Nf3 Nge7 7. O-O O-O 8. d3 b6 9. h4 d5 10. Rd1 dxe4 11. dxe4 Qc7 12. Na3 a6 13. Nc4 b5 14. Nd6 Rd8 15. e5 Rb8 16. Bf4 {1-0 (32) Mamedov,R (2657)-Akopian,V (2648) Berlin 2015}) 5. Bg2 d5 6. d3 {C00: French: Unusual White 2nd moves} dxe4 7. dxe4 Ne5 {LiveBook: 4 Games} 8. Na3 {The position is equal.} Nd3+ 9. Kf1 {Threatens to win with Bg5.} Nxc1 10. Rxc1 e5 11. Bh3 Bxh3+ 12. Nxh3 a6 13. Kg2 $146 Be7 14. f3 O-O 15. Nc4 Qc7 16. Ne3 Rfd8 17. Nf2 h5 18. b3 Rd7 19. c4 {[%cal Bc3c4,Bc4d5][%mdl 32]} Rad8 (19... Rd4 $14) 20. Nd5 $16 Nxd5 21. cxd5 Qa5 22. Rc2 g6 (22... Bd6 $16 {was worth a try.}) 23. Nd3 Bd6 24. Rhc1 Rc7 {[#]} 25. f4 $1 {[%cal Rf4e5]} exf4 26. gxf4 Bf8 {[#]} (26... c4 {might work better.} 27. bxc4 (27. Rxc4 Rdc8 $16) 27... Ba3) 27. b4 $1 $18 {[%mdl 512]} Qb5 (27... cxb4 28. Rxc7) 28. bxc5 f5 $2 (28... Qe8 29. d6 Bxd6) 29. d6 {White is clearly winning.} Rg7 30. e5 {[%cal Be4e5,Be5e6][%mdl 32]} g5 31. Qf3 Qa4 32. e6 gxf4+ (32... Qe4 $142 33. Kf2 Qxe6) 33. Kh1 Qe4 34. Qxe4 fxe4 35. Nxf4 e3 36. Nd5 {Precision: White = 83%, Black = 31%.} 1-0

[Event "XIX Sants Open 2017"]
[Site "Cotxeres de Sants"]
[Date "2017.08.21"]
[Round "4"]
[White "Neef, Maximilian"]
[Black "Jumabayev, Rinat"]
[Result "0-1"]
[WhiteElo "2451"]
[BlackElo "2610"]
[Annotator "TA"]
[PlyCount "78"]
[EventDate "2017.??.??"]
[EventType "swiss"]
[EventCountry "ESP"]
[SourceTitle "playchess.com"]
[Source "ChessBase"]
[SourceQuality "1"]

{[%evp 23,78,5,14,0,15,8,6,0,0,-29,-35,-22,-10,-49,-31,-75,-75,-95,-94,-97,-101,-105,-90,-80,-81,-75,-56,-120,-119,-154,-158,-159,-149,-158,-165,-185,-197,-181,-192,-366,-372,-493,-464,-437,-425,-1597,-1706,-1598,-1513,-29967,-29957,-6346,-12847,-12832,-8917,-6270,-6195]} 1. Nf3 Nf6 2. g3 e6 3. Bg2 d5 4. O-O c5 5. c4 d4 6. e3 Nc6 7. exd4 cxd4 8. d3 Bd6 {A13: English Opening: 1...e6} (8... Be7 9. Re1 O-O 10. b3 Nd7 11. Ba3 Re8 12. Bxe7 Rxe7 13. a3 a5 14. Nbd2 Nc5 15. Ne4 Nxe4 16. Rxe4 e5 17. Re1 Bg4 18. h3 Bh5 {½-½ (36) Aronian,L (2799)-Nakamura,H (2792) Saint Louis 2017}) 9. Bg5 h6 10. Bxf6 Qxf6 11. Nbd2 Qd8 12. a3 a5 {LiveBook: 18 Games} 13. Re1 $146 ({Predecessor:} 13. Rc1 O-O 14. c5 Be7 15. Re1 a4 16. Ne5 Nxe5 17. Rxe5 {½-½ (44) Wallace,J (2387)-Ivanov,S (2545) Stockholm 2016}) 13... O-O 14. Rc1 Bd7 15. c5 Be7 16. Ne5 Nxe5 17. Rxe5 Qc7 18. Re1 a4 19. Qe2 Ra5 20. Nf3 Rxc5 21. Rxc5 Bxc5 22. Rc1 Qb6 23. Ne5 Bb5 24. Nc4 Qc7 25. Qh5 (25. Qe5 $15 Qxe5 26. Nxe5) 25... Rc8 $17 26. Bh3 Be8 27. Nd2 b6 28. Qe2 Qd8 29. Nc4 {[#]} Bxa3 $1 {[%mdl 512]} 30. bxa3 b5 31. Qa2 $2 (31. Bg2) 31... bxc4 $19 32. Rxc4 Bb5 33. Rxc8 Qxc8 34. Bf1 (34. Qb1 $142 Ba6 35. Bf1) 34... Qc1 {[#] ( -> ...Bxd3)} 35. Qe2 Qxa3 36. Qe5 Bxd3 37. Qxd4 Bxf1 {Black is clearly winning.} 38. Kxf1 Qc1+ 39. Ke2 Qc2+ {Precision: White = 24%, Black = 98%.} 0-1

[Event "XIX Sants Open 2017"]
[Site "Cotxeres de Sants"]
[Date "2017.08.21"]
[Round "4"]
[White "Diaz Camallonga, Carles"]
[Black "Grigoryan, Karen H"]
[Result "0-1"]
[WhiteElo "2437"]
[BlackElo "2570"]
[Annotator "TA"]
[PlyCount "92"]
[EventDate "2017.??.??"]
[EventType "swiss"]
[EventCountry "ESP"]
[SourceTitle "playchess.com"]
[Source "ChessBase"]
[SourceQuality "1"]

{[%evp 13,92,65,60,20,20,0,19,8,0,-29,-6,-16,-13,-47,-48,-30,0,-28,13,13,4,25,80,80,78,89,79,80,67,100,125,115,67,-24,-24,-18,-29,-16,-29,-124,-115,-114,-22,-35,-38,-52,-16,-152,-147,-142,-161,-143,-159,-317,-196,-308,-297,-448,-447,-409,-442,-368,-320,-339,-333,-402,-407,-399,-399,-918,-906,-926,-925,-890,-867,-712,-585,-720,-572,-516,-454]} 1. e4 c5 2. Nf3 Nc6 3. d4 cxd4 4. Nxd4 Nf6 5. Nc3 d6 6. g3 Bg4 7. f3 Bd7 8. Bg2 {B56: Classical Sicilian: Unusual Lines} (8. Be3 g6 9. Qd2 Bg7 10. g4 Rc8 11. O-O-O Ne5 12. h4 h6 13. Be2 Nc4 14. Bxc4 Rxc4 15. Kb1 Qc8 16. Nde2 b5 17. Nf4 b4 18. Ncd5 Nxd5 19. Nxd5 e6 20. b3 exd5 21. bxc4 {1-0 (47) Quparadze,G (2507)-Dubov,D (2618) Yerevan 2014}) 8... g6 9. Nde2 Qb6 10. b3 $146 {The position is equal.} ({Predecessor:} 10. Bg5 Be6 {½-½ (10) Cheremin,S (2324)-Nekrasov,V (2382) Cherepovets 2000}) 10... Bg7 11. Bb2 O-O 12. Qd2 a5 13. Na4 Qa6 14. c4 Ne5 {Strongly threatening ...Bxa4.} 15. Nac3 a4 16. f4 $36 {[%mdl 2048] Black is under pressure.} a3 17. Bc1 Bh3 (17... Nc6 $11) 18. fxe5 $16 Bxg2 19. exf6 Bxf6 20. Rf1 Bxf1 21. Kxf1 e6 {[%cal Be7e6,Be6d5,Bd5c4][%mdl 32]} 22. Qd3 d5 23. Qf3 ({Better is} 23. exd5 $14 exd5 24. Rb1) 23... Bg7 $11 24. exd5 exd5 25. Rb1 dxc4 26. Nd5 (26. bxc4 $11 Qxc4 27. Rxb7) 26... Rad8 $17 {White must now prevent ...Rfe8.} ({Of course not} 26... c3 $6 27. Bg5 $11) 27. Bg5 {[#]} f6 (27... Rd7 $1 $17 28. Rd1 cxb3 29. Qxb3 Re8) 28. Bf4 g5 29. Bc7 Rd7 (29... Rde8 $5 {[%cal Rf6f5]} 30. Nb4 Qe6 31. bxc4 Qxc4 32. Qd5+ Qxd5 33. Nxd5 Rf7 $11) 30. bxc4 (30. Qf5 $1 $11 {was the only way to keep the balance.} Qc6 31. bxc4 Rxc7 32. Nxc7 Qxc7 33. Qd5+ Rf7 34. Nd4) 30... Qxc4 31. Nb6 Qd3 32. Qxd3 Rxd3 33. Na4 $2 (33. Ke1 $17 {was called for.}) 33... Rd2 34. Nac3 (34. Rxb7 $142 Rxa2 35. Ra7) 34... Rb2 $19 35. Ba5 (35. Rc1 $142) 35... Re8 36. Rxb2 axb2 37. Bb4 f5 38. Nb1 Rd8 {aiming for ...Rd1+.} 39. Ke1 {[#]} f4 $1 {[%mdl 512]} 40. gxf4 gxf4 {[%cal Bg5f4,Bf4f3][%mdl 32]} 41. Bc3 $2 (41. Nxf4 Rc8 42. Ke2) 41... f3 {...Re8 is the strong threat.Black is clearly winning.} 42. Bxg7 fxe2 43. Bxb2 Rd1+ 44. Kxe2 Rxb1 45. Be5 Rb5 46. Bd6 Rb6 {Precision: White = 30%, Black = 69%.} 0-1

[Event "XIX Sants Open 2017"]
[Site "Cotxeres de Sants"]
[Date "2017.08.21"]
[Round "4"]
[White "Lorenzo De La Riva, Lazaro"]
[Black "Novikov, Stanislav"]
[Result "1/2-1/2"]
[WhiteElo "2415"]
[BlackElo "2538"]
[Annotator "TA"]
[PlyCount "85"]
[EventDate "2017.??.??"]
[EventType "swiss"]
[EventCountry "ESP"]
[SourceTitle "playchess.com"]
[Source "ChessBase"]
[SourceQuality "1"]

{[%evp 11,85,85,88,74,69,54,68,50,65,50,64,45,50,45,33,37,47,43,58,48,47,37,58,-13,-13,-13,-13,-13,-13,-18,-20,-18,-13,-199,-202,-207,-220,-225,-225,-187,-203,-218,-213,-299,-293,-433,-283,-269,-273,-245,-199,-167,0,0,0,0,0,0,0,0,0,0,0,0,0,0,0,0,0,0,0,0,0,0,0,0]} 1. e4 c5 2. Nf3 e6 3. d4 cxd4 4. Nxd4 a6 5. c4 Ne7 (5... Nf6 6. Nc3 Qc7 7. Be2 Bb4 8. O-O O-O 9. Qd3 d6 10. Bd2 Nbd7 11. Nb3 Ne5 12. Qd4 Nc6 13. Qe3 Bd7 14. Rac1 Rac8 15. a3 Na5 16. Na1 {½-½ (46) Naiditsch,A (2712)-Ivanchuk,V (2729) Danzhou 2017}) 6. Nc3 {B41: Sicilian: Kan Variation: 5 c4} Nec6 {LiveBook: 4 Games} 7. Nc2 Bc5 $146 ({Predecessor:} 7... d6 8. Be2 Be7 9. O-O O-O 10. Be3 Nd7 11. f4 b6 12. Bf3 Bb7 13. Rc1 {1-0 (68) Zambrana,O (2421)-Madina Yadarola,M (2262) Collado Villalba 2005}) 8. Be2 {White is slightly better.} d6 9. O-O O-O 10. Rb1 a5 11. Kh1 e5 12. Bg4 Be6 13. b3 Na6 14. a3 Nc7 15. Be3 Bxg4 16. Qxg4 Nd4 17. Bxd4 ({Much worse is} 17. Nxd4 exd4 18. Bg5 Qc8 $15) ({White should play} 17. Rfd1 $14) 17... exd4 $11 18. Nd5 Nxd5 19. exd5 d3 {[%cal Bd4d3,Bd3d2][%mdl 32]} 20. Ne1 d2 $36 {[%mdl 2048] Black is pushing.} 21. Nc2 Qf6 {next ...Qc3 is good for Black.} 22. Qf3 $2 (22. Qh3 $11 {and White is okay.}) 22... Qxf3 $19 23. gxf3 Rfe8 24. Kg2 Re2 25. Rbd1 {[#]} g5 $1 26. f4 {[#]} g4 $1 ({Don't play} 26... gxf4 27. Kf3 $17) 27. Kg3 (27. h3 {was necessary.} h5 28. hxg4 hxg4 29. f5) 27... f5 28. f3 (28. Ne3 {was worth a try.} Bxe3 29. fxe3) 28... gxf3 29. Rxf3 Kf7 30. Kh3 Rg8 31. Rg3 Rg4 $2 (31... Rg6 $19 {( -> ...Rh6#)} 32. Rxg6 hxg6) 32. Rxg4 $11 {The position is equal.} fxg4+ 33. Kxg4 Rxh2 {[%mdl 4096] Endgame KRB-KRN} 34. b4 axb4 35. axb4 Bb6 36. Kg3 Re2 37. Kf3 Rf2+ 38. Kg3 {c5 is the strong threat.} Re2 39. Kf3 Rf2+ 40. Kg3 {Threatens to win with c5.} Re2 41. Kf3 Rh2 42. Kg3 Re2 43. Kf3 {Precision: White = 57%, Black = 65%.} 1/2-1/2